Qualitative analysis on the diffusive Holling-Tanner predator-prey model
We consider the diffusive Holling–Tanner predator–prey model subject to the homogeneous Neumann boundary condition. We first apply Lyapunov function method to prove some global stability results of the unique positive constant steadystate. And then, we derive a non-existence result of positive non-c...
Elmentve itt :
| Szerzők: | |
|---|---|
| Dokumentumtípus: | Folyóirat |
| Megjelent: |
2023
|
| Sorozat: | Electronic journal of qualitative theory of differential equations
|
| Kulcsszavak: | Differenciálegyenlet |
| doi: | 10.14232/ejqtde.2023.1.41 |
| Online Access: | http://acta.bibl.u-szeged.hu/82291 |
| LEADER | 01228nas a2200217 i 4500 | ||
|---|---|---|---|
| 001 | acta82291 | ||
| 005 | 20231116153934.0 | ||
| 008 | 231116s2023 hu o 0|| eng d | ||
| 022 | |a 1417-3875 | ||
| 024 | 7 | |a 10.14232/ejqtde.2023.1.41 |2 doi | |
| 040 | |a SZTE Egyetemi Kiadványok Repozitórium |b hun | ||
| 041 | |a eng | ||
| 100 | 1 | |a Zhao Xu | |
| 245 | 1 | 0 | |a Qualitative analysis on the diffusive Holling-Tanner predator-prey model |h [elektronikus dokumentum] / |c Zhao Xu |
| 260 | |c 2023 | ||
| 300 | |a 10 | ||
| 490 | 0 | |a Electronic journal of qualitative theory of differential equations | |
| 520 | 3 | |a We consider the diffusive Holling–Tanner predator–prey model subject to the homogeneous Neumann boundary condition. We first apply Lyapunov function method to prove some global stability results of the unique positive constant steadystate. And then, we derive a non-existence result of positive non-constant steady-states by a novel approach that can also be applied to the classical Sel’kov model to obtain the non-existence of positive non-constant steady-states if 0 < p ≤ 1. | |
| 695 | |a Differenciálegyenlet | ||
| 700 | 0 | 1 | |a Zhou Wenshu |e aut |
| 856 | 4 | 0 | |u http://acta.bibl.u-szeged.hu/82291/1/ejqtde_2023_041.pdf |z Dokumentum-elérés |